Prowincje Argentyny - Statystyki

Ogólne statystyki
  • Ten quiz został rozwiązany 650 razy
  • Średni wynik to 12 z 24
Odpowiedzi na mapie
Odpowiedzi zakodowano w zielono-czerwonej skali na mapie do tego quizu, zgodnie z poniższymi procentami.
 
Statystyki odpowiedzi
Prowincja % Poprawnych
Buenos Aires
95%
Miasto autonomiczne Buenos Aires
95%
Ziemia Ognista
79%
Córdoba
62%
Misiones
56%
Río Negro
56%
Chubut
54%
Mendoza
54%
Santa Fe
52%
Santa Cruz
50%
La Pampa
49%
Jujuy
42%
Corrientes
41%
Formosa
41%
Entre Ríos
40%
Chaco
38%
Salta
38%
San Juan
36%
Neuquén
34%
San Luis
34%
Catamarca
30%
La Rioja
29%
Santiago del Estero
24%
Tucumán
23%
Nie znaleziono quizów pasujących do podanych kryteriów
Rozkład punktacji
Procent ludzi z każdym wynikiem
Percentyl według liczby udzielonych odpowiedzi
Twoja historia wyników
Nie rozwiązałeś tego quizu